genetique (Record no. 22326)
[ view plain ]
| 000 -LEADER | |
|---|---|
| fixed length control field | 00360nam a22001451 4500 |
| 020 ## - INTERNATIONAL STANDARD BOOK NUMBER | |
| ISBN | 12852060868 |
| 040 ## - CATALOGING SOURCE | |
| Transcribing agency | NLM |
| 082 ## - DEWEY DECIMAL CLASSIFICATION NUMBER | |
| Classification number | 575 LIN 1981 C260 Or. |
| 100 ## - MAIN ENTRY--AUTHOR NAME | |
| Personal name | frederic lints |
| 245 10 - TITLE STATEMENT | |
| Title | genetique |
| 300 ## - PHYSICAL DESCRIPTION | |
| Number of Pages | 126 pages : |
| Other physical details | illustrations |
| 490 1# - SERIES STATEMENT | |
| Series statement | "Que sais-je?" Le point des connaissances actuelles ; |
| 650 #2 - SUBJECT ADDED ENTRY--TOPICAL TERM | |
| Topical Term | Genetics. |
| 942 ## - ADDED ENTRY ELEMENTS (KOHA) | |
| Koha item type | ADB |
| 952 ## - LOCATION AND ITEM INFORMATION (KOHA) | |
| Withdrawn status [LOCAL, KOHA] | 0 |
| Permanent Location | Date acquired | Koha item type | Lost status | Shelving location | Barcode | Current Location | Full call number |
|---|---|---|---|---|---|---|---|
| Library Block C | 2023-12-05 | ADB | C260 | a16881 | Library Block C | 575 LIN 1981 C260 Or. |